|
|
|
|
| LEADER |
01111nam a22002057a 4500 |
| 008 |
181128b xxu||||| |||| 00| 0 eng d |
| 999 |
|
|
|c 25116
|d 25116
|
| 020 |
|
|
|a 9788120042483
|
| 082 |
|
|
|a 305.42 ASA
|
| 100 |
|
|
|a ആശാദേവി ജെ.
|
| 240 |
|
|
|a Sthreeshaktheekaranavum sthreepadavi swayampadanaprakriyayum
|
| 245 |
|
|
|a സ്ത്രീശാക്തീകരണവും സ്ത്രീപദവി സ്വയംപഠനപ്രക്രിയയും /
|c ആശാദേവി ജെ.
|
| 250 |
|
|
|a 1st ed.
|
| 260 |
|
|
|a തിരുവനന്തപുരം :
|b കേരള ഭാഷാ ഇന്സ്റ്റിറ്റ്യൂട്ട്,
|c 2017.
|
| 300 |
|
|
|a 70p.
|
| 650 |
|
|
|a Woman
|
| 700 |
|
|
|a Asadevi J.
|
| 942 |
|
|
|2 ddc
|c BK
|
| 952 |
|
|
|0 0
|1 0
|2 ddc
|4 0
|6 305_420000000000000_ASA
|7 0
|9 34336
|a MAIN
|b MAIN
|d 2018-11-28
|e Kerala Bhasha Institute
|g 50.00
|l 2
|m 1
|o 305.42 ASA
|p 33489
|r 2020-02-17
|s 2020-01-06
|t 1
|w 2018-11-28
|y BK
|
| 952 |
|
|
|0 0
|1 0
|2 ddc
|4 0
|6 305_420000000000000_ASA
|7 0
|9 34337
|a MAIN
|b MAIN
|d 2018-11-28
|e Kerala Bhasha Institute
|g 50.00
|o 305.42 ASA
|p 33490
|r 2018-11-28
|t 2
|w 2018-11-28
|y BK
|